Point Hope, an Eskimo village in transition / (Record no. 11528)
[ view plain ]
| 000 -LEADER | |
|---|---|
| fixed length control field | 00798cam a22002652 4500 |
| 001 - CONTROL NUMBER | |
| control field | 11528 |
| 003 - CONTROL NUMBER IDENTIFIER | |
| rucl marc code | BD-RjUL |
| 005 - DATE AND TIME OF LATEST TRANSACTION | |
| control field | 20211208235136.0 |
| 008 - FIXED-LENGTH DATA ELEMENTS--GENERAL INFORMATION | |
| fixed length control field | 140127s1962 waua b s000 0 eng |
| 035 ## - SYSTEM CONTROL NUMBER | |
| System control number | (BD-RjUL)11577 |
| 040 ## - CATALOGING SOURCE | |
| Original cataloging agency | DLC |
| Transcribing agency | ALK |
| Modifying agency | DLC |
| -- | OCL |
| -- | EQO |
| -- | BD-RjUL |
| Language of cataloging | eng |
| 041 ## - LANGUAGE CODE | |
| Language code of text/sound track or separate title | eng |
| 082 00 - DEWEY DECIMAL CLASSIFICATION NUMBER | |
| Classification number | 309.17987 |
| Author mark and year | VAP |
| 100 1# - MAIN ENTRY--PERSONAL NAME | |
| Personal name | VanStone, James W. |
| 9 (RLIN) | 35658 |
| 245 10 - TITLE STATEMENT | |
| Title | Point Hope, an Eskimo village in transition / |
| 260 ## - PUBLICATION, DISTRIBUTION, ETC. (IMPRINT) | |
| Place of publication, distribution, etc. | Seattle : |
| Name of publisher, distributor, etc. | University of Washington Press, |
| Date of publication, distribution, etc. | 1962. |
| 300 ## - PHYSICAL DESCRIPTION | |
| Pagination | 177 p. : |
| Illustrations | ill. ; |
| Size | 23 cm. |
| 490 0# - SERIES STATEMENT | |
| Series statement | Publications of the American Ethnological Society |
| 504 ## - BIBLIOGRAPHY, ETC. NOTE | |
| Bibliography, etc | Includes bibliography. |
| 650 #0 - SUBJECT ADDED ENTRY--TOPICAL TERM | |
| Topical term or geographic name as entry element | Eskimos |
| Geographic subdivision | Alaska. |
| 9 (RLIN) | 35659 |
| 651 #0 - SUBJECT ADDED ENTRY--GEOGRAPHIC NAME | |
| Geographic name | Native Village of Point Hope. |
| 9 (RLIN) | 35660 |
| 942 ## - ADDED ENTRY ELEMENTS (KOHA) | |
| Source of classification or shelving scheme | Dewey Decimal Classification |
| Koha item type | Books |
| Lost status | Source of classification or shelving scheme | Damaged status | Not for loan | Collection code | Permanent Location | Current Location | Shelving location | Date acquired | Source of acquisition | Cost, normal purchase price | Total Checkouts | Full call number | Date last seen | Copy number | Koha item type |
|---|---|---|---|---|---|---|---|---|---|---|---|---|---|---|---|
| Dewey Decimal Classification | Not For Loan | Non-fiction | Central Library, University of Rajshahi | Central Library, University of Rajshahi | Reading Room | 27/11/1965 | Zeitlinger | 42.00 | 309.17987 VAP 1962 | 27/01/2014 | C-1 | Books |